Music Quiz

Random Music or Album Quiz

Ben Folds Five Songs Quiz Stats

 Plays Quiz not verified by Sporcle

Also try: Surname Bands
Challenge
Share
Tweet
Embed
Score 0/35 Timer 10:00
1 Play Today
Album Song % Correct
Whatever and Ever AmenBrick
92.5%
Whatever and Ever AmenKate
90%
The Unauthorized Biography of Reinhold MessnerArmy
89.4%
Ben Folds FivePhilosophy
80%
Ben Folds FiveJackson Cannery
77.5%
Whatever and Ever AmenSong for the Dumped
77.5%
Ben Folds FiveUncle Walter
76.9%
Whatever and Ever AmenOne Angry Dwarf and 200 Solemn Faces
76.9%
Ben Folds FiveUnderground
75.6%
The Unauthorized Biography of Reinhold MessnerNarcolepsy
73.8%
Whatever and Ever AmenSteven's Last Night in Town
73.1%
Ben Folds FiveBoxing
72.5%
Whatever and Ever AmenBattle of Who Could Care Less
71.9%
Whatever and Ever AmenSmoke
70.6%
The Unauthorized Biography of Reinhold MessnerMagic
70.6%
Whatever and Ever AmenCigarette
70%
Whatever and Ever AmenFair
68.8%
Whatever and Ever AmenEvaporated
68.8%
Album Song % Correct
Ben Folds FiveSports & Wine
67.5%
Ben Folds FiveJulianne
66.9%
The Unauthorized Biography of Reinhold MessnerYour Redneck Past
66.9%
The Unauthorized Biography of Reinhold MessnerJane
66.9%
The Unauthorized Biography of Reinhold MessnerMess
66.3%
Ben Folds FiveThe Last Polka
65.6%
Ben Folds FiveWhere's Summer B?
64.4%
The Unauthorized Biography of Reinhold MessnerDon't Change Your Plans
64.4%
Whatever and Ever AmenSelfless, Cold, and Composed
63.8%
The Unauthorized Biography of Reinhold MessnerLullaby
63.1%
Ben Folds FiveVideo
62.5%
Whatever and Ever AmenMissing the War
61.9%
Ben Folds FiveAlice Childress
60%
Ben Folds FiveBest Imitation of Myself
59.4%
The Unauthorized Biography of Reinhold MessnerHospital Song
59.4%
The Unauthorized Biography of Reinhold MessnerYour Most Valuable Possession
56.3%
The Unauthorized Biography of Reinhold MessnerRegrets
56.3%

You're not logged in!

Compare scores with friends on all Sporcle quizzes.
Join for Free
OR
Log In

You Might Also Like...

Show Comments

Extras

Top Quizzes Today


Score Distribution

Your Account Isn't Verified!

In order to create a playlist on Sporcle, you need to verify the email address you used during registration. Go to your Sporcle Settings to finish the process.

Report this User

Report this user for behavior that violates our Community Guidelines.

Details: